header

Dante's deadly sins (Record no. 192954)

MARC details
000 -LEADER
fixed length control field 01358nam a2200349Ia 4500
082 04 - DEWEY DECIMAL CLASSIFICATION NUMBER
Classification number 851/.1
100 1# - MAIN ENTRY--AUTHOR NAME
Personal name Belliotti, Raymond A.,
245 10 - TITLE STATEMENT
Title Dante's deadly sins
260 ## - PUBLICATION, DISTRIBUTION, ETC. (IMPRINT)
Place of publication Chichester, West Sussex ;
-- Malden, MA :
Name of publisher Wiley-Blackwell,
Year of publication 2011.
300 ## - PHYSICAL DESCRIPTION
Number of Pages xvi, 199 p.
650 #0 - SUBJECT ADDED ENTRY--TOPICAL TERM
Topical Term Deadly sins in literature.
Topical Term Hell in literature.
856 40 - ELECTRONIC LOCATION AND ACCESS
Uniform Resource Identifier http://site.ebrary.com/lib/rucke/Doc?id=10560681

No items available.

© 2026 Rongo University
Contact us: librarian | system librarian | Rongo university